Văn hoá dân gian Hoà Vang
Trình bày khái quát về lịch sử hình thành và phát triển huyện Hoà Vang tỉnh Quảng Nam. Tìm hiểu sinh hoạt thường ngày, lễ hội, văn học dân gian, văn nghệ dân gian của người dân nơi đây
Wedi'i Gadw mewn:
| Prif Awdur: | |
|---|---|
| Fformat: | Llyfr |
| Iaith: | Vietnamese |
| Cyhoeddwyd: |
H.
Dân trí
2012
|
| Pynciau: | |
| Tagiau: |
Ychwanegu Tag
Dim Tagiau, Byddwch y cyntaf i dagio'r cofnod hwn!
|
| Thư viện lưu trữ: | Mạng thư viện Đại học Đà Nẵng |
|---|
| LEADER | 01243aam a22003498a 4500 | ||
|---|---|---|---|
| 001 | 000018039 | ||
| 003 | 14466 | ||
| 005 | 20130827080849.0 | ||
| 008 | 130826s2012 viesd | ||
| 020 | |a 9786049176104 |d 2000b | ||
| 041 | 0 | |a vie | |
| 082 | 1 | 4 | |2 14 |a 390.0959752 |b V115H |
| 100 | 1 | |a Võ Văn Hoè | |
| 245 | 1 | 0 | |a Văn hoá dân gian Hoà Vang |c Võ Văn Hoè |
| 260 | |a H. |b Dân trí |c 2012 | ||
| 300 | |a 792tr. |b ảnh |c 21cm | ||
| 500 | |a ĐTTS ghi: Hội Văn nghệ dân gian Việt Nam | ||
| 504 | |a Phụ lục: tr. 721-786 | ||
| 520 | |a Trình bày khái quát về lịch sử hình thành và phát triển huyện Hoà Vang tỉnh Quảng Nam. Tìm hiểu sinh hoạt thường ngày, lễ hội, văn học dân gian, văn nghệ dân gian của người dân nơi đây | ||
| 650 | 7 | |2 Bộ TK TVQG |a Văn hoá dân gian | |
| 650 | 7 | |2 Bộ TK TVQG |a Văn nghệ dân gian | |
| 650 | 7 | |2 Bộ TK TVQG |a Văn học dân gian | |
| 651 | 7 | |2 Bộ TK TVQG |a Hoà Vang | |
| 651 | 7 | |2 Bộ TK TVQG |a Quảng Nam | |
| OWN | |a LSP | ||
| 999 | |a From the UDN01 | ||
| TYP | |a Monograph | ||
| TYP | |a Printed language | ||
| 980 | |a Mạng thư viện Đại học Đà Nẵng | ||


